000 00432nam a2200157Ia 4500
003 GCL
008 140319s9999 xx 000 0 ara d
040 _aGCL /
_cGCL
082 0 4 _aد
_b050
100 1 _aمحمد فتحى عوض الله
245 1 0 _aمعادن الزينة (اقرا 475 ) /
_cمحمد فتحى عوض الله
300 _a190
490 _aاقرأ
_v0
650 0 4 _aمعادن الزينة
942 _2ddc
_cBK
999 _c48680
_d48680